[Event "28th Cappelle Open"]
[Site "Cappelle la Grande FRA"]
[Date "2012.03.03"]
[Round "1.3"]
[White "Kurnosov, Igor"]
[Black "Aloma Vidal, Robert"]
[Result "1-0"]
[WhiteTitle "GM"]
[BlackTitle "IM"]
[WhiteElo "2657"]
[BlackElo "2408"]
[WhiteFideId "4142527"]
[BlackFideId "2260409"]
[EventDate "2012.03.03"]

1. e4 Nf6 2. e5 Nd5 3. d4 d6 4. Nf3 dxe5 5. Nxe5 c6 6. Be2 Bf5 7. O-O Nd7 8. Nf3
h6 9. c4 Nb4 10. Nc3 Nc2 11. Rb1 Nb4 12. Ra1 Nc2 13. Rb1 Nb4 14. Be3 Bxb1 15.
Qxb1 g6 16. Ne5 Nxe5 17. dxe5 Bg7 18. e6 O-O 19. exf7+ Kxf7 20. Qe4 Qc7 21. a3
Na6 22. Bd3 Qd6 23. c5 Qf6 24. Qc4+ e6 25. Ne4 Qe5 26. Nd6+ Kg8 27. Bxg6 b5 28.
Qg4 Nxc5 29. Bxc5 Qxc5 30. Qxe6+ Kh8 31. Bd3 Qd5 32. Qg6 Qg8 33. Ne4 Rad8 34.
Bb1 c5 35. Nxc5 Rd2 36. Nd3 Qf7 37. Qe4 Re8 38. Qb4 Ree2 39. Qxb5 Bxb2 40. Nxb2
Rxb2 41. Qc6 Kg7 42. Be4 Rb6 43. Qc3+ Qf6 44. Qc7+ Qf7 45. Qg3+ Kf8 46. Qd3 Reb2
47. Qd8+ Kg7 48. Bd5 Qf6 49. Qg8# 1-0

[Event "28th Cappelle Open"]
[Site "Cappelle la Grande FRA"]
[Date "2012.03.03"]
[Round "1.20"]
[White "Skytte, Rasmus"]
[Black "Nyzhnyk, Illya"]
[Result "1/2-1/2"]
[WhiteTitle "IM"]
[BlackTitle "GM"]
[WhiteElo "2376"]
[BlackElo "2585"]
[WhiteFideId "1404210"]
[BlackFideId "14118084"]
[EventDate "2012.03.03"]

1. e4 e6 2. d4 d5 3. Nd2 c5 4. c3 Nf6 5. Bd3 cxd4 6. cxd4 dxe4 7. Nxe4 Bb4+ 8.
Nc3 O-O 9. Nf3 b6 10. O-O Bb7 11. a3 Be7 12. Re1 Nc6 13. Bc2 Rc8 14. Qd3 Re8 15.
d5 Na5 16. Bg5 Rxc3 17. Qxc3 Qxd5 18. Rad1 Qc4 19. Qd3 h6 20. Bxf6 Qxd3 21. Bxd3
Bxf6 22. b4 Bxf3 23. gxf3 Nb3 24. Be4 Nd4 25. Rc1 g5 26. Kf1 Be5 27. Bc6 Nxc6
28. Rxc6 Bxh2 29. Rd1 Re7 30. a4 Kg7 31. a5 bxa5 32. bxa5 Bc7 33. Rc5 Kf6 34.
Rb1 Be5 35. Rcb5 Bc3 36. Rb7 Rxb7 37. Rxb7 Bxa5 38. Rxa7 Bd2 39. Kg2 h5 40. Rd7
Bf4 41. Kh3 Kg6 42. Re7 Bd6 43. Re8 Kf5 44. Rh8 Be5 45. Rf8 f6 46. Re8 h4 47.
Kg2 Bc3 48. Rc8 Bd4 49. Rd8 Be5 50. Re8 Bf4 51. Re7 Ke5 52. Re8 f5 53. Rh8 Bd2
54. Rd8 Bc3 55. Re8 Bd4 56. Rd8 Bc5 57. Rc8 Be7 58. Re8 Kf6 59. Rc8 Bd6 60. Rd8
Bf4 61. Kh3 Bc7 62. Rc8 Bb6 63. Kg2 Bd4 64. Rd8 Ke5 65. Rd7 Bc5 66. Rc7 Bd6 67.
Rd7 Bb4 68. Rb7 Be1 69. Rb1 Bd2 70. Rb2 Bc3 71. Rb3 Bd4 72. Rb4 Bc5 73. Rb5 Kd6
74. Rb8 Ke7 75. Rb7+ Kf6 76. Rc7 Be7 77. Kh3 e5 78. Rc6+ Kg7 79. Ra6 Bf6 80. Rc6
Kg6 81. Ra6 e4 82. fxe4 g4+ 83. Kg2 fxe4 84. Ra5 Bg5 85. Re5 h3+ 86. Kh1 e3 87.
fxe3 g3 88. Re8 Kf5 89. Rc8 Kg4 90. Rg8 g2+ 91. Kh2 Kf5 92. Rf8+ Bf6 93. Rg8 Bg5 1/2-1/2

[Event "28th Cappelle Open"]
[Site "Cappelle la Grande FRA"]
[Date "2012.03.03"]
[Round "1.21"]
[White "Banusz, Tamas"]
[Black "Braun, Christian2"]
[Result "1/2-1/2"]
[WhiteTitle "GM"]
[BlackTitle "FM"]
[WhiteElo "2583"]
[BlackElo "2372"]
[WhiteFideId "722413"]
[BlackFideId "4692098"]
[EventDate "2012.03.03"]

1. Nf3 Nf6 2. c4 g6 3. g3 Bg7 4. Bg2 O-O 5. O-O d6 6. d4 Nc6 7. Nc3 Bg4 8. d5
Na5 9. Nd2 c5 10. Rb1 e5 11. dxe6 Bxe6 12. b3 d5 13. cxd5 Nxd5 14. Nxd5 Bxd5 15.
Ne4 Bxe4 16. Bxe4 Qe7 17. Qc2 Rac8 18. e3 Nc6 19. Bg2 Rfd8 20. a3 b6 21. Bd2 Ne5
22. Rfd1 Rc7 23. Be1 Rcd7 24. Be4 f5 25. Bg2 Bf6 26. b4 Rxd1 27. Rxd1 Rxd1 28.
Qxd1 c4 29. Qd5+ Kg7 30. Bd2 Qc7 31. Bf1 b5 32. f4 Qd7 33. Qxd7+ Nxd7 34. Bc1
Nb6 35. Bg2 Ba1 36. Kf1 c3 37. Ke2 Bb2 38. Kd1 Nc4 39. e4 Bxc1 40. Kxc1 fxe4 41.
Bxe4 Nxa3 42. Bd3 Kf6 43. g4 Ke6 44. f5+ Kf6 1/2-1/2

[Event "28th Cappelle Open"]
[Site "Cappelle la Grande FRA"]
[Date "2012.03.03"]
[Round "1.22"]
[White "Pieniazek, Artur"]
[Black "Vorobiov, Evgeny E."]
[Result "1/2-1/2"]
[WhiteTitle "IM"]
[BlackTitle "GM"]
[WhiteElo "2368"]
[BlackElo "2580"]
[WhiteFideId "1100874"]
[BlackFideId "4121341"]
[EventDate "2012.03.03"]

1. d4 Nf6 2. c4 g6 3. g3 c5 4. Nf3 cxd4 5. Nxd4 Bg7 6. Bg2 O-O 7. Nc3 Nc6 8. O-O
d6 9. Nxc6 bxc6 10. Bxc6 Rb8 11. Bg2 Qc7 12. b3 d5 13. Bf4 e5 14. Bg5 dxc4 15.
Bxf6 Bxf6 16. Nd5 Qd8 17. Nxf6+ Qxf6 18. bxc4 Bb7 19. Bxb7 Rxb7 20. Rb1 Rc7 21.
Rb4 1/2-1/2

[Event "28th Cappelle Open"]
[Site "Cappelle la Grande FRA"]
[Date "2012.03.03"]
[Round "1.23"]
[White "Borovikov, Vladislav"]
[Black "Dausch, Rene"]
[Result "1-0"]
[WhiteTitle "GM"]
[BlackTitle "FM"]
[WhiteElo "2579"]
[BlackElo "2366"]
[WhiteFideId "14102811"]
[BlackFideId "4621166"]
[EventDate "2012.03.03"]

1. d4 Nf6 2. Nf3 c5 3. d5 g6 4. Nc3 Bg7 5. e4 O-O 6. e5 Ne8 7. h4 d6 8. e6 fxe6
9. h5 exd5 10. hxg6 Bg4 11. gxh7+ Kh8 12. Nh4 Bxc3+ 13. bxc3 1-0

[Event "28th Cappelle Open"]
[Site "Cappelle la Grande FRA"]
[Date "2012.03.03"]
[Round "1.24"]
[White "De Verdier, Michael"]
[Black "Sokolov, Andrei1"]
[Result "1/2-1/2"]
[BlackTitle "GM"]
[WhiteElo "2366"]
[BlackElo "2577"]
[WhiteFideId "1710516"]
[BlackFideId "627089"]
[EventDate "2012.03.03"]

1. Nf3 Nf6 2. c4 e6 3. g3 d5 4. Bg2 Be7 5. O-O O-O 6. d4 dxc4 7. Qa4 a6 8. Qxc4
b5 9. Qc2 Bb7 10. Bg5 Be4 11. Qc1 Nbd7 12. Nbd2 Bd5 13. Bxf6 Bxf6 14. e4 Bb7 15.
Qc2 e5 16. Nb3 a5 17. dxe5 Nxe5 18. Nxe5 Bxe5 19. Rad1 Qf6 20. Nc5 Qc6 21. Rd5
Rae8 22. Rc1 Ba8 23. f4 Bd6 24. e5 Qb6 25. Rd3 f6 26. Bxa8 Rxa8 27. exd6 cxd6
28. Qb3+ Kh8 29. Qe6 Rad8 30. Re3 Qa7 31. Qe7 Qxe7 32. Rxe7 dxc5 33. Rxc5 Rd2
34. Rxb5 Rc8 35. Rc5 Rcd8 36. Rec7 Rxb2 37. Rc8 Rg8 38. Rxg8+ Kxg8 39. Rxa5 h5
40. h4 Kf7 41. f5 Ke7 42. Ra7+ Kd6 1/2-1/2

[Event "28th Cappelle Open"]
[Site "Cappelle la Grande FRA"]
[Date "2012.03.03"]
[Round "1.26"]
[White "Giffard, Nicolas"]
[Black "Moranda, Wojciech"]
[Result "1-0"]
[WhiteTitle "IM"]
[BlackTitle "GM"]
[WhiteElo "2361"]
[BlackElo "2569"]
[WhiteFideId "600571"]
[BlackFideId "1122401"]
[EventDate "2012.03.03"]

1. d4 Nf6 2. c4 g6 3. Nc3 Bg7 4. Bg5 d6 5. e3 c6 6. Nf3 O-O 7. Be2 a6 8. O-O h6
9. Bh4 g5 10. Bg3 Nh5 11. Nd2 Nxg3 12. hxg3 f5 13. g4 e6 14. b4 Nd7 15. Qc2 Nf6
16. gxf5 exf5 17. Bd3 Ng4 18. Rae1 h5 19. Nf3 Nh6 20. d5 c5 21. bxc5 dxc5 22. g3
Bd7 23. e4 fxe4 24. Bxe4 Bh3 25. d6 Bxc3 26. Bd5+ Kh8 27. Re7 Bg7 28. Qg6 Nf5
29. Nxg5 1-0

[Event "28th Cappelle Open"]
[Site "Cappelle la Grande FRA"]
[Date "2012.03.03"]
[Round "1.27"]
[White "Timoshenko, Georgy"]
[Black "Grandadam, Nicolas"]
[Result "1-0"]
[WhiteTitle "GM"]
[BlackTitle "FM"]
[WhiteElo "2569"]
[BlackElo "2361"]
[WhiteFideId "14100118"]
[BlackFideId "681806"]
[EventDate "2012.03.03"]

1. e4 e5 2. Nf3 Nc6 3. Bb5 a6 4. Ba4 Nf6 5. O-O Nxe4 6. d4 b5 7. Bb3 d5 8. dxe5
Be6 9. Be3 Be7 10. c3 Nc5 11. Bc2 Nd7 12. Re1 Ndxe5 13. Nxe5 Nxe5 14. Bd4 Ng6
15. Bxg7 Rg8 16. Bxg6 Rxg7 17. Rxe6 hxg6 18. Re2 Kf8 19. Qd3 Rh7 20. Nd2 Bf6 21.
Nf3 Kg7 22. Rae1 Rh5 23. g4 Rh8 24. Qd2 Qd7 25. Qf4 g5 26. Nxg5 Rh4 27. h3 Kg6
28. Re7 Rxg4+ 29. hxg4 Bxe7 30. Qxf7+ Kxg5 31. Re5+ Kxg4 32. Qh5+ Kf4 33. Qh2+
Kg4 34. Qg3# 1-0

[Event "28th Cappelle Open"]
[Site "Cappelle la Grande FRA"]
[Date "2012.03.03"]
[Round "1.28"]
[White "Rzayev, Bahruz"]
[Black "Zakhartsov, Viacheslav V."]
[Result "1/2-1/2"]
[BlackTitle "GM"]
[WhiteElo "2360"]
[BlackElo "2563"]
[WhiteFideId "13403036"]
[BlackFideId "4115333"]
[EventDate "2012.03.03"]

1. e4 c5 2. Nc3 d6 3. g3 Nc6 4. Bg2 g6 5. d3 Bg7 6. Nh3 e5 7. O-O Nge7 8. f4 Nd4
9. Nf2 Rb8 10. Be3 Be6 11. Ne2 Nxe2+ 12. Qxe2 exf4 13. Bxf4 Bxb2 14. e5 d5 15.
Rab1 Bd4 16. Kh1 Qc7 17. Ng4 h5 18. Nf6+ Kf8 19. Qe1 c4 20. c3 Bb6 21. d4 Qc6
22. h3 Kg7 23. Bg5 Bd8 24. Kg1 b5 25. g4 hxg4 26. hxg4 Ng8 27. Qe3 a5 28. Nh5+
Kf8 29. Bxd8 Rxd8 30. Qg5 Ke8 1/2-1/2

[Event "28th Cappelle Open"]
[Site "Cappelle la Grande FRA"]
[Date "2012.03.03"]
[Round "1.29"]
[White "Chernyshov, Konstantin"]
[Black "Wieczorek, Oskar"]
[Result "1-0"]
[WhiteTitle "GM"]
[WhiteElo "2561"]
[BlackElo "2358"]
[WhiteFideId "4117328"]
[BlackFideId "1133950"]
[EventDate "2012.03.03"]

1. b3 e5 2. Bb2 Nc6 3. e3 d5 4. Bb5 Bd6 5. f4 Qh4+ 6. g3 Qe7 7. Nf3 f6 8. Nc3
Be6 9. O-O Nh6 10. fxe5 fxe5 11. d4 e4 12. Ne5 Bxe5 13. dxe5 a6 14. Bxc6+ bxc6
15. Na4 Bg4 16. Qd4 Bf3 17. Qc3 O-O 18. Qxc6 Qg5 19. Rae1 Nf5 20. Qxd5+ Kh8 21.
e6 Rad8 22. Qc5 Rfe8 23. Rf2 Rxe6 24. Qxc7 Red6 25. Nc5 h5 26. Rxf3 exf3 27. Ne4
Qg4 28. Nxd6 Rxd6 29. e4 f2+ 30. Kxf2 Rd2+ 31. Kg1 Nd6 32. Bc3 Nxe4 33. Bxd2 1-0

[Event "28th Cappelle Open"]
[Site "Cappelle la Grande FRA"]
[Date "2012.03.03"]
[Round "1.30"]
[White "Tate, Alan"]
[Black "Grigoriants, Sergey"]
[Result "1/2-1/2"]
[WhiteTitle "FM"]
[BlackTitle "GM"]
[WhiteElo "2350"]
[BlackElo "2561"]
[WhiteFideId "2401878"]
[BlackFideId "4130804"]
[EventDate "2012.03.03"]

1. e4 c6 2. d4 d5 3. e5 Bf5 4. Nf3 e6 5. Be2 Ne7 6. O-O c5 7. c4 dxc4 8. Na3
cxd4 9. Nxd4 Bd3 10. Nxc4 Bxc4 11. Bxc4 a6 12. a4 Nbc6 1/2-1/2

[Event "28th Cappelle Open"]
[Site "Cappelle la Grande FRA"]
[Date "2012.03.03"]
[Round "1.35"]
[White "Tomczak, Jacek"]
[Black "Pulvett, Daniel"]
[Result "1-0"]
[WhiteTitle "IM"]
[BlackTitle "IM"]
[WhiteElo "2555"]
[BlackElo "2340"]
[WhiteFideId "1124668"]
[BlackFideId "3900410"]
[EventDate "2012.03.03"]

1. e4 c5 2. Nf3 d6 3. d4 cxd4 4. Nxd4 Nf6 5. Nc3 a6 6. Bc4 e6 7. Bb3 Nbd7 8. O-O
Nc5 9. Qe2 Be7 10. f4 O-O 11. Kh1 Qc7 12. e5 dxe5 13. fxe5 Nfd7 14. Bf4 b5 15.
Nd5 exd5 16. Bxd5 Nb6 17. e6 Bd6 18. Bxd6 Qxd6 19. Nf5 Qxd5 20. Ne7+ Kh8 21.
Nxd5 Nxd5 22. c4 Nc7 23. e7 Re8 24. Rxf7 N5e6 25. Qf3 1-0

[Event "28th Cappelle Open"]
[Site "Cappelle la Grande FRA"]
[Date "2012.03.03"]
[Round "1.40"]
[White "Simon, Olivier"]
[Black "Sanikidze, Tornike"]
[Result "0-1"]
[WhiteTitle "IM"]
[BlackTitle "GM"]
[WhiteElo "2323"]
[BlackElo "2549"]
[WhiteFideId "618756"]
[BlackFideId "13602608"]
[EventDate "2012.03.03"]

1. e4 e5 2. Nf3 Nc6 3. Bb5 a6 4. Ba4 Nf6 5. O-O Be7 6. Re1 b5 7. Bb3 d6 8. c3
O-O 9. h3 Nd7 10. d4 Bf6 11. a4 Bb7 12. Na3 Nb6 13. axb5 axb5 14. Be3 b4 15. Nc4
Nxc4 16. Bxc4 Na5 17. Bd3 exd4 18. Bxd4 bxc3 19. bxc3 c5 20. Bxf6 Qxf6 21. Ra3
g6 22. Qc2 Rfe8 23. Rea1 Nc6 24. Rxa8 Bxa8 25. Bb5 Kg7 26. Nd2 Bb7 27. Rd1 Qg5
28. Nc4 Re7 29. Nxd6 Ne5 30. Nxb7 Rxb7 31. Qe2 h5 32. Rf1 Qf4 33. g3 Qf3 34. Rc1
Rxb5 35. Qxb5 Nd3 36. Rf1 h4 37. Qb8 Qxe4 38. Qd6 Ne5 39. Qxc5 Nf3+ 40. Kg2 Ne1+ 0-1

[Event "28th Cappelle Open"]
[Site "Cappelle la Grande FRA"]
[Date "2012.03.03"]
[Round "1.43"]
[White "Cornette, Matthieu"]
[Black "Klinova, Masha"]
[Result "1-0"]
[WhiteTitle "GM"]
[BlackTitle "IM"]
[WhiteElo "2545"]
[BlackElo "2321"]
[WhiteFideId "620084"]
[BlackFideId "2802015"]
[EventDate "2012.03.03"]

1. d4 d6 2. Nf3 Nf6 3. c4 g6 4. Nc3 Bg7 5. e4 O-O 6. h3 e5 7. d5 a5 8. Be3 Na6
9. Nd2 Nc5 10. g4 Ne8 11. h4 f5 12. g5 f4 13. Bxc5 dxc5 14. Qf3 Rf7 15. O-O-O
Bf8 16. h5 Qxg5 17. Bh3 Rg7 18. Bxc8 Rxc8 19. Qh3 Nd6 20. Nf3 Qf6 21. hxg6 Qxg6
22. Rdg1 Qf6 1-0

[Event "28th Cappelle Open"]
[Site "Cappelle la Grande FRA"]
[Date "2012.03.03"]
[Round "1.62"]
[White "Doluhanova, Evgeniya"]
[Black "Sveshnikov, Evgeny"]
[Result "1-0"]
[WhiteTitle "WGM"]
[BlackTitle "GM"]
[WhiteElo "2269"]
[BlackElo "2499"]
[WhiteFideId "14112035"]
[BlackFideId "4100638"]
[EventDate "2012.03.03"]

1. e4 c5 2. Nf3 Nc6 3. d4 cxd4 4. Nxd4 e5 5. Nb5 d6 6. c4 Be7 7. N1c3 a6 8. Na3
Nf6 9. Bd3 O-O 10. O-O Nd7 11. Nd5 Bg5 12. Nc2 Bxc1 13. Rxc1 Nc5 14. b4 Ne6 15.
Nce3 a5 16. b5 Ne7 17. Nxe7+ Qxe7 18. Nf5 Qc7 19. Be2 g6 20. Ne3 Nc5 21. Nd5 Qd8
22. f4 Nxe4 23. Bf3 Nc5 24. fxe5 dxe5 25. Qe2 f6 26. Qe3 Qd6 27. Rfd1 Bf5 28. g4
Bd7 29. Nc3 Qe7 30. Nd5 Qd6 31. Nc3 Qe7 32. Nd5 Qd6 33. Rd2 e4 34. Nc3 Qc7 35.
Nxe4 Nxe4 36. Qxe4 Rad8 37. Rcd1 1-0

[Event "28th Cappelle Open"]
[Site "Cappelle la Grande FRA"]
[Date "2012.03.03"]
[Round "1.102"]
[White "Mestdagh, Franck"]
[Black "Van Hoolandt, Patrick"]
[Result "1/2-1/2"]
[BlackTitle "FM"]
[WhiteElo "1954"]
[BlackElo "2156"]
[WhiteFideId "638510"]
[BlackFideId "200999"]
[EventDate "2012.03.03"]

1. e4 e5 2. Nf3 Nc6 3. Bc4 Bc5 4. b4 Bb6 5. a4 a6 6. c3 Nf6 7. d3 d6 8. Nbd2 Be6
9. Bxe6 fxe6 10. Nf1 O-O 11. Ng3 Qe8 12. O-O Qg6 13. Nh4 Qg4 14. Qxg4 Nxg4 15.
Nf3 h6 16. h3 Nf6 17. Be3 Nd7 18. Nd2 a5 19. Bxb6 Nxb6 20. b5 Ne7 21. Nb3 Ng6
22. Ne2 Nd7 23. f3 b6 24. g3 Rf7 25. Kg2 Raf8 26. Ng1 Nc5 27. Nxc5 dxc5 28. d4
exd4 29. cxd4 cxd4 30. f4 Rd8 31. Rac1 d3 32. Nf3 d2 33. Rcd1 Rfd7 34. Rf2 Rd3
35. Rfxd2 Rxd2+ 36. Rxd2 Rxd2+ 37. Nxd2 Nf8 38. e5 Kf7 39. Kf3 Ke7 40. Ne4 Kd7
41. h4 c6 42. Nd6 cxb5 43. axb5 h5 44. Ke4 g6 45. Kd4 Kd8 46. Kc4 Nd7 47. Ne4
Kc7 48. Kd4 Kd8 1/2-1/2

[Event "28th Cappelle Open"]
[Site "Cappelle la Grande FRA"]
[Date "2012.03.03"]
[Round "1.108"]
[White "Devecchi, Jorge"]
[Black "Przymusinski, Nicolas"]
[Result "0-1"]
[WhiteElo "1947"]
[BlackElo "2147"]
[WhiteFideId "664022"]
[BlackFideId "638544"]
[EventDate "2012.03.03"]

1. e4 c5 2. Nf3 d6 3. d4 cxd4 4. c3 dxc3 5. Nxc3 a6 6. Bc4 e6 7. O-O b5 8. Bb3
Bb7 9. Qe2 Nd7 10. Rd1 Ngf6 11. Bf4 Qb8 12. Ng5 h6 13. Nxe6 fxe6 14. Bxe6 Be7
15. Bg3 Kf8 16. f4 b4 17. Nb1 Bxe4 18. Bxd7 Qa7+ 19. Kh1 Qxd7 20. Nd2 Bf5 21.
Qc4 d5 22. Qd4 Rc8 23. Nf3 Bd6 24. Ne5 Bxe5 25. fxe5 Rc4 26. Qb6 Ne4 27. Qxa6
Nxg3+ 28. hxg3 Be4 29. Qxc4 Qh3+ 0-1

[Event "28th Cappelle Open"]
[Site "Cappelle la Grande FRA"]
[Date "2012.03.03"]
[Round "1.111"]
[White "Duverne, Jean-Marie"]
[Black "Lombart, Philippe"]
[Result "1-0"]
[WhiteElo "2144"]
[BlackElo "1944"]
[WhiteFideId "647721"]
[BlackFideId "202789"]
[EventDate "2012.03.03"]

1. e4 e5 2. Nf3 Nc6 3. d4 exd4 4. Bc4 Nf6 5. O-O Nxe4 6. Re1 d5 7. Bxd5 Qxd5 8.
Nc3 Qa5 9. Nxe4 Be6 10. Neg5 O-O-O 11. Nxe6 fxe6 12. Rxe6 Qf5 13. Qe2 h6 14. Nh4
d3 15. cxd3 Qxd3 16. Qxd3 Rxd3 17. Be3 Bb4 18. Nf5 Rhd8 19. g3 Bf8 20. Kg2 Kd7
21. Re4 Re8 22. Rxe8 Kxe8 23. Rc1 Rd5 24. g4 h5 25. h3 hxg4 26. hxg4 Kd7 27. Rh1
Ne5 28. Rh8 Be7 29. Rg8 Nxg4 30. Nxe7 Nxe3+ 31. fxe3 Kxe7 32. Rxg7+ Kd6 33. Kf3
Rf5+ 34. Ke2 Rb5 35. b3 a5 36. Rg6+ Kd7 37. e4 a4 38. Rg3 axb3 39. axb3 Rb4 40.
Rd3+ Ke6 41. Ke3 c5 42. Rc3 b6 43. Kf4 Rd4 44. Rh3 Rb4 45. Rh6+ Kf7 46. Kf5 Rxb3
47. Rh7+ Kg8 48. Rc7 c4 49. Rxc4 Rb5+ 50. Ke6 Rh5 51. Rc8+ Kg7 52. e5 Rh6+ 53.
Ke7 Rh5 54. e6 b5 55. Kd6 Rh1 56. e7 1-0

[Event "28th Cappelle Open"]
[Site "Cappelle la Grande FRA"]
[Date "2012.03.04"]
[Round "2.20"]
[White "Brodsky, Michail"]
[Black "Kolosowski, Mateusz"]
[Result "1/2-1/2"]
[WhiteTitle "GM"]
[BlackTitle "IM"]
[WhiteElo "2558"]
[BlackElo "2439"]
[WhiteFideId "14100932"]
[BlackFideId "1129708"]
[EventDate "2012.03.03"]

1. d4 Nf6 2. c4 g6 3. Nc3 d5 4. Nf3 Bg7 5. Bf4 O-O 6. Rc1 dxc4 7. e3 Be6 8. Ng5
Bd5 9. Nxd5 Nxd5 10. Bxc4 Nxf4 11. Qf3 e6 12. Qxf4 Qd6 13. Qxd6 cxd6 14. Bxe6
fxe6 15. Nxe6 Nc6 16. Nxf8 Bxf8 17. Ke2 a5 18. Rhd1 d5 19. Rc3 a4 20. f3 Kf7 21.
Rdc1 1/2-1/2

[Event "28th Cappelle Open"]
[Site "Cappelle la Grande FRA"]
[Date "2012.03.04"]
[Round "2.21"]
[White "Pogorelov, Ruslan"]
[Black "Tomczak, Jacek"]
[Result "1/2-1/2"]
[WhiteTitle "GM"]
[BlackTitle "IM"]
[WhiteElo "2426"]
[BlackElo "2555"]
[WhiteFideId "14100363"]
[BlackFideId "1124668"]
[EventDate "2012.03.03"]

1. d4 g6 2. c4 Nf6 3. Nc3 d5 4. e3 Bg7 5. Qb3 dxc4 6. Bxc4 O-O 7. Nf3 c5 8. d5
Nbd7 9. e4 Nb6 10. O-O Bg4 11. Be2 e6 12. h3 Bxf3 13. Bxf3 exd5 14. exd5 Nfd7
15. Rd1 Qh4 16. Ne4 h6 17. Be3 c4 18. Qc2 Ne5 19. Be2 f5 20. Nd2 Nxd5 21. Bxc4
Nxc4 22. Nxc4 Nc3 23. bxc3 Qxc4 24. Bd4 Rf7 25. Bxg7 Kxg7 26. Rd4 Qc5 27. Rad1
Rc8 28. c4 Re7 1/2-1/2

[Event "28th Cappelle Open"]
[Site "Cappelle la Grande FRA"]
[Date "2012.03.04"]
[Round "2.22"]
[White "Arutinian, David"]
[Black "Sveshnikov, Vladimir"]
[Result "1-0"]
[WhiteTitle "GM"]
[BlackTitle "IM"]
[WhiteElo "2553"]
[BlackElo "2426"]
[WhiteFideId "13601741"]
[BlackFideId "11601884"]
[EventDate "2012.03.03"]

1. c4 e6 2. Nf3 d5 3. b3 Be7 4. Bb2 Bf6 5. Nc3 Ne7 6. g3 b6 7. d4 Bb7 8. cxd5
Nxd5 9. Ne4 Be7 10. Ned2 O-O 11. Bg2 Nd7 12. O-O c5 13. a3 Rc8 14. e4 Nc7 15.
Re1 Nb5 16. Nc4 Nf6 17. a4 Nxd4 18. Nxd4 cxd4 19. e5 Nd5 20. Qxd4 Bb4 21. Red1
Bc5 22. Qg4 Qe7 23. Rd2 Rc7 24. Nd6 f5 25. Qd1 Ba8 26. Rd3 Nb4 27. Rd2 Bxg2 28.
Kxg2 f4 29. Qg4 fxg3 30. hxg3 Nd5 31. Nc4 Qf7 32. Rf1 h5 33. Qe4 h4 34. Rh1 g5
35. Nd6 Qg7 36. b4 hxg3 37. bxc5 gxf2 38. Rxd5 Rf4 39. Qe2 exd5 40. e6 d4 41.
Qc4 Kf8 42. Qd5 bxc5 43. Nf5 Rxf5 44. Qd8# 1-0

[Event "28th Cappelle Open"]
[Site "Cappelle la Grande FRA"]
[Date "2012.03.04"]
[Round "2.24"]
[White "Molina, Roberto Junio Brito"]
[Black "Le Roux, Jean-Pierre"]
[Result "1/2-1/2"]
[WhiteTitle "IM"]
[BlackTitle "GM"]
[WhiteElo "2407"]
[BlackElo "2550"]
[WhiteFideId "2109450"]
[BlackFideId "609404"]
[EventDate "2012.03.03"]

1. d4 Nf6 2. c4 g6 3. Nf3 Bg7 4. g3 O-O 5. Bg2 c6 6. O-O d5 7. Qb3 dxc4 8. Qxc4
Bf5 9. Nc3 Nbd7 10. Bf4 Qb6 11. b4 a5 12. a3 Be6 13. Qd3 h6 14. b5 cxb5 15. Qxb5
Qxb5 16. Nxb5 g5 17. Be3 Bc4 18. Nc3 Ba6 19. Rab1 Rac8 20. Rfc1 Rc7 21. Bd2 Rfc8
22. Bf1 b6 23. e3 Bb7 24. Ne1 e6 25. Bg2 Ba6 26. Bf1 Bb7 27. Bg2 Ba6 1/2-1/2

[Event "28th Cappelle Open"]
[Site "Cappelle la Grande FRA"]
[Date "2012.03.04"]
[Round "2.25"]
[White "Sanikidze, Tornike"]
[Black "Giffard, Nicolas"]
[Result "1-0"]
[WhiteTitle "GM"]
[BlackTitle "IM"]
[WhiteElo "2549"]
[BlackElo "2361"]
[WhiteFideId "13602608"]
[BlackFideId "600571"]
[EventDate "2012.03.03"]

1. d4 Nf6 2. Nf3 b5 3. Bg5 Bb7 4. e3 a6 5. Bd3 e6 6. Nbd2 h6 7. Bh4 g5 8. Bg3 g4
9. Nh4 Be7 10. h3 h5 11. Qe2 d6 12. O-O-O Rg8 13. e4 d5 14. e5 Nfd7 15. hxg4
hxg4 16. f4 c5 17. f5 Qb6 18. f6 Bf8 19. Bh7 Rh8 20. Ng6 Rxh7 21. Rxh7 fxg6 22.
Qxg4 a5 23. Nf3 Na6 24. Qxg6+ Kd8 25. Rxd7+ Kxd7 26. Qf7+ Kc6 27. Qxe6+ Kc7 28.
Qf7+ Kc6 29. e6 Bh6+ 30. Kb1 Qd8 31. e7 Qc8 32. Qg6 1-0

[Event "28th Cappelle Open"]
[Site "Cappelle la Grande FRA"]
[Date "2012.03.04"]
[Round "2.28"]
[White "Abdalla, Luiz Guilherme Aurelli"]
[Black "Neverov, Valeriy"]
[Result "1/2-1/2"]
[WhiteTitle "FM"]
[BlackTitle "GM"]
[WhiteElo "2277"]
[BlackElo "2544"]
[WhiteFideId "2111080"]
[BlackFideId "14100150"]
[EventDate "2012.03.03"]

1. d4 g6 2. c4 Bg7 3. Nc3 d6 4. Nf3 Bg4 5. g3 Bxf3 6. exf3 Nf6 7. Bg2 O-O 8. O-O
c6 9. f4 Nbd7 10. d5 cxd5 11. cxd5 Nb6 12. Re1 Rc8 13. Qe2 Re8 14. Be3 Nfd7 15.
Rac1 a6 16. h4 Nc4 17. Bh3 Nxe3 18. Qxe3 Rc5 19. b4 Bxc3 20. Rxc3 Rxd5 21. Rec1
Nb6 22. Bg2 Rb5 23. Qd4 e5 24. fxe5 dxe5 25. Qxd8 Rxd8 26. a3 Na4 27. Rc7 1/2-1/2

[Event "28th Cappelle Open"]
[Site "Cappelle la Grande FRA"]
[Date "2012.03.04"]
[Round "2.29"]
[White "Durarbayli, Vasif"]
[Black "Kostiuk, Tatiana"]
[Result "1-0"]
[WhiteTitle "GM"]
[BlackTitle "WGM"]
[WhiteElo "2543"]
[BlackElo "2275"]
[WhiteFideId "13402935"]
[BlackFideId "14107449"]
[EventDate "2012.03.03"]

1. e4 e5 2. Nf3 Nc6 3. Bb5 a6 4. Ba4 Nf6 5. O-O Be7 6. d3 b5 7. Bb3 O-O 8. a4 b4
9. Bd5 Nxd5 10. exd5 Nd4 11. Nxe5 b3 12. cxb3 Rb8 13. Nd2 Bf6 14. Ng4 d6 15. Ne3
g6 16. Ra3 Bd7 17. Ndc4 Rb7 18. Bd2 Rxb3 19. Rxb3 Bxa4 20. Rb8 1-0